Music Quiz

Random Music or Rock Quiz

Bon Jovi Albums Quiz Stats

 Plays Quiz Updated Apr 19, 2018

Score 0/12 Timer 03:00
0 Plays Today
Year Album % Correct
1986Slippery When Wet
89.3%
1984Bon Jovi
73.4%
1988New Jersey
66.3%
2005Have a Nice Day
58.2%
2000Crush
49.3%
1992Keep the Faith
47.6%
2002Bounce
45.7%
2007Lost Highway
45%
1995These Days
37%
2013What About Now
35.5%
2009The Circle
35.4%
19857800 Degrees Fahrenheit
24.4%

You're not logged in!

Compare scores with friends on all Sporcle quizzes.
OR
Log In

Sporcle TV

Today on Sporcle TV


Watch our educational content, quiz creation guides, and fun videos on Sporcle TV.

Show Comments

Extras

Top Quizzes Today


Score Distribution

Your Account Isn't Verified!

In order to create a playlist on Sporcle, you need to verify the email address you used during registration. Go to your Sporcle Settings to finish the process.

Report this User

Report this user for behavior that violates our Community Guidelines.

Details: